African Country A-Z Blitz Quiz Stats

 Plays Quiz Updated Jul 2, 2018

Challenge
Share
Tweet
Embed
Score 0/15 Timer 01:00
3 Plays Today
Letter Country % Correct
EEgypt ...
93.1%
AAlgeria ...
92.4%
CCameroon ...
90.8%
MMadagascar ...
89.1%
GGhana ...
88.5%
SSouth Africa ...
87.9%
NNigeria ...
86.9%
BBenin ...
86.2%
Letter Country % Correct
ZZambia ...
84.2%
LLesotho ...
83.4%
RRwanda ...
81.3%
DDjibouti ...
81.1%
TTanzania ...
79.6%
UUganda
78.4%
KKenya
77.8%

You're not logged in!

Compare scores with friends on all Sporcle quizzes.
OR
Log In

You Might Also Like...

Show Comments

Extras

Top Quizzes Today


Score Distribution

Your Account Isn't Verified!

In order to create a playlist on Sporcle, you need to verify the email address you used during registration. Go to your Sporcle Settings to finish the process.

Report this User

Report this user for behavior that violates our Community Guidelines.

Details: